Quá trình phát triển kinh tế Việt Nam

Guardat en:
Dades bibliogràfiques
Autor principal: Lê, Thanh Nghiệp
Format: Llibre
Idioma:Undetermined
Publicat: Hà Nội Khoa học Xã hội 2006
Matèries:
Etiquetes: Afegir etiqueta
Sense etiquetes, Sigues el primer a etiquetar aquest registre!
Thư viện lưu trữ: Trung tâm Học liệu Trường Đại học Cần Thơ
LEADER 00617nam a2200205Ia 4500
001 CTU_112875
008 210402s9999 xx 000 0 und d
020 |c 25000 
082 |a 330.9597 
082 |b Ngh307 
100 |a Lê, Thanh Nghiệp 
245 0 |a Quá trình phát triển kinh tế Việt Nam 
245 0 |c Lê Thanh Nghiệp 
260 |a Hà Nội 
260 |b Khoa học Xã hội 
260 |c 2006 
650 |a Vietnam; strategic planning 
650 |x Developing countries,Economic aspects 
904 |i Hiếu 
980 |a Trung tâm Học liệu Trường Đại học Cần Thơ